MIJ ZEMLJAK : Opovidannja

Bibliographic Details
Main Author: Tomčanyj, Mychajlo, 1914-1975 (Author)
Format: Article
Language:Ukrainian

MARC

LEADER 00000nab a2200000 a 4500
001 vtls010806319
003 SK-MaSNL
005 20260303135250.0
008 230218s1953 xo |||||||||||||||||ukr|
035 |a (urnnbn)urn:nbn:sk:snk:ar-003d7r 
035 |a (uuid)6ed0b9bd-7040-4566-aaaf-48bc30915acc 
035 |a urn:nbn:sk:snk-ab35jo 
040 |a SNKBUCL  |b slo  |c SNKBUCL  |e AACR2 
041 0 |a ukr 
044 |a xo  |c SK 
100 1 |a Tomčanyj, Mychajlo,  |d 1914-1975  |4 aut  |9 157133 
245 1 0 |a MIJ ZEMLJAK :  |b Opovidannja  |c Michajlo Tomčanij 
773 0 |t Duklja : literaturno-chudožnij ta hromads'ko-polityčnyj al'manach  |g Č. 4 (1953), s. 106-108 
958 |a OND 
958 |a EUIPO 
958 |a article2 
999 |c 1964321  |d 1966251